|
|
|
|
| LEADER |
00000nam a2200000 a 4500 |
| 001 |
UCP5726 |
| 003 |
CL-VaPUC |
| 008 |
990927e19980000CL |||||||||||||||||spa|d |
| 082 |
0 |
4 |
|a 323
|b COR
|2 21
|
| 100 |
0 |
|
|a Correa, Enrique
|e author
|9 434282
|
| 700 |
0 |
|
|a Noé, Marcela
|e author
|9 434283
|
| 245 |
1 |
0 |
|a Nociones de una ciudadanía que crece
|
| 300 |
|
|
|a 382 p
|
| 942 |
|
|
|c BK
|
| 945 |
|
|
|d 19990927 00:00:00
|a vberengu
|
| 260 |
|
|
|a Santiago
|b Flacso
|c 1998
|
| 650 |
|
0 |
|a Ciudadanía
|9 258339
|
| 650 |
|
0 |
|a Igualdad de oportunidades
|9 331873
|
| 650 |
|
0 |
|a Participación comunitaria
|9 317870
|
| 650 |
|
0 |
|a Participación social
|9 256140
|
| 650 |
|
7 |
|a POLITICA DE DESARROLLO
|2 CL-VaPUC
|9 335853
|
| 650 |
|
0 |
|a Protección social
|9 256186
|
| 650 |
|
0 |
|a Seguridad
|9 354178
|
| 651 |
|
7 |
|a CHILE
|2 CL-VaPUC
|9 434284
|
| 583 |
|
|
|a last modification
|c 19990927 00:00:00
|k Rodrigo Vera
|
| 999 |
|
|
|c 283399
|d 283397
|
| 952 |
|
|
|0 0
|1 0
|4 0
|6 323_000000000000000_COR_1998
|7 0
|8 A
|9 326536
|a BIBGIM
|b BIBGIM
|d 2019-11-20
|i 3560732
|o 323 COR 1998
|p 3560732
|r 2025-01-15
|w 2019-11-20
|y BK
|k SSL
|